000 00287nam a22001337a 4500
008 170502b xxu||||| |||| 00| 0 eng d
020 _a9780486600284
041 _aeng
080 _a34
100 _a13
101 _aSHJ
245 _aTHE LAWS OF THOUGHT
_cBOOLE.G
942 _2udc
_cBK
999 _c12451
_d12451